000 00382nam a22001337a 4500
008 160314b xxu||||| |||| 00| 0 eng d
020 _a0323084444
100 _aHockenberry J. Marily
245 _aWong's Essentials of pediatric Nursing
250 _a9th Ed.
260 _aU.S.A
_bElsevier book aid international
_c2013
300 _aV,328p.
942 _2lcc
_cBK
_kRJ245 .H63 2013 C.1
999 _c15766
_d15766